Noem de 13 landen die neutraal bleven tijdens de WO II - Statistieken

Algemene statistieken
  • Deze quiz is 5 keer genomen
  • De gemiddelde score is 8 van 13
Antwoordstatistieken
Hint Antwoord % Correct
Zwitserland
100%
P Portugal
80%
Spanje
80%
Z Zweden
80%
E Estland
60%
I Ierland
60%
L Letland
60%
Litouwen
60%
V Vaticaanstad
60%
A Andorra
40%
Liechtenstein
40%
M Monaco
40%
S San Marino
40%
Geen overeenkomende quizzen gevonden
Scoreverdeling
Procent van Mensen met Elke Score
Percentiel versus Aantal Correcte Antwoorden
Uw Scoregeschiedenis
U heeft deze quiz nog niet genomen